Cambiar el mundo sin tomar el poder: el significado de la revolución hoy

Shranjeno v:
Bibliografske podrobnosti
Glavni avtor: Holloway, John (Author)
Format: Knjiga
Jezik:španščina
Izdano: Santiago LOM 2011
Izdaja:1a. ed
Serija:Colección Ciencias Humanas
Teme:
Oznake: Označite
Brez oznak, prvi označite!

MARC

LEADER 00000cam a2200000 a 4500
001 UCF1790
003 CL-VaPUC
008 120727e20110000CL |||||||||||||||||spa|d
020 |a 9789560002440 
082 0 4 |a 303.4  |b HOL  |2 21 
100 |a Holloway, John  |e author  |9 563278 
245 1 0 |a Cambiar el mundo sin tomar el poder: el significado de la revolución hoy 
250 |a 1a. ed 
300 |a 265 p 
942 |c BK 
945 |d 20120727 00:00:00  |a cmena 
260 |a Santiago  |b LOM  |c 2011 
650 0 |a Cambio social   |9 256857 
650 0 |a Estado y sociedad  |9 345536 
650 0 |a Poder político  |9 255509 
650 0 |a Fetichismo  |9 335109 
650 0 |a Capitalismo  |9 255255 
583 |a last modification  |c 20120727 13:37:00  |k Rodrigo Vera 
490 0 |a Colección Ciencias Humanas 
999 |c 348478  |d 348476 
952 |0 0  |1 0  |4 0  |6 303_400000000000000_HOL_2011  |7 0  |8 A  |9 450503  |a BIBING  |b BIBING  |d 2019-11-22  |i 487143K  |o 303.4 HOL 2011  |p 487143K  |r 2025-01-20  |w 2019-11-22  |y BK  |k CUI